Loading...
| Philosophy | 0 | 9 | 0 | 2 | 90 | 49 | 107.67 | 1 | 2 |
| Science - Physics | 0 | 8 | 3 | 2 | 65 | 48 | 100.25 | 0 | 2 |
| Religion | 0 | 6 | 2 | 1 | 50 | 101 | 110.83 | 1 | 1 |
| Mythology | 0 | 4 | 0 | 1 | 40 | 48 | 104.25 | 0 | 1 |
| Social Science | 0 | 2 | 0 | 1 | 20 | 126 | 130.00 | 0 | 0 |
| Other Academic | 0 | 2 | 0 | 1 | 20 | 111 | 130.00 | 0 | 0 |
| Science - Other Science | 0 | 3 | 2 | 0 | 20 | 73 | 85.67 | 0 | 0 |
| History - European History | 0 | 1 | 0 | 0 | 10 | 93 | 93.00 | 0 | 0 |
| History - American History | 0 | 1 | 0 | 0 | 10 | 129 | 129.00 | 0 | 0 |
| Literature - World Literature | 0 | 1 | 0 | 1 | 10 | 153 | 153.00 | 0 | 0 |
| Current Events | 0 | 1 | 1 | 0 | 5 | 56 | 56.00 | 0 | 0 |
| Fine Arts - Other Fine Arts | 0 | 0 | 0 | 0 | 0 | 0.00 | 0 | 0 | |
| Science - Chemistry | 0 | 0 | 1 | 0 | -5 | 0.00 | 0 | 0 |